مفاهيم و أسرار لغة البرمجة c++ / (رقم التسجيلة. 114031)

تفاصيل مارك
000 -الفاتح
عناصر البيانات ثابتة الطول 00947cam a2200229 i 4500
005 - تاريخ ووقت آخر معاملة
حقل ضبط 20251108174630.0
008 - عناصر البيانات ثابتة الطول
عناصر البيانات ثابتة الطول 250721s2008 jo a gr 000 0 ara d
020 ## - الترقيم الدولي المعياري للكتب (ردمك)
الترقيم الدولي المعياري للكتب (ردمك) 9789957493530
082 14 - رقم تصنيف ديوي العشري
رقم التصنيف 005.133
رقم المادة ح م ا
100 1# - مدخل رئيسي – اسم شخصي
الاسم الشخصي الحمامي، علاء حسين
علاقة الشخص بالعمل/ دوره مؤلف.
245 10 - بيان العنوان
العنوان مفاهيم و أسرار لغة البرمجة c++ /
بيان المسؤولية تأليف الاستاذ علاء حسين الحمامي، الدكتورة سكينة حسن هاشم، محمد علاء حسين محمد.
246 11 - الأشكال المختلفة للعنوان
العنوان الفعلي/العنوان المختصر Concepts and Secrets of C++ Programming Language.
250 ## - بيان الطبعة
بيان الطبعة الطبعة الأولى.
264 1# - بيانات النشر، التوزيع…إلخ
مكان النشر، التوزيع...إلخ عمان :
اسم الناشر، الموزع...إلخ إثراء للنشر و التوزيع،
تاريخ النشر، التوزيع...إلخ 2008.
300 ## - الوصف المادي
عدد الوحدات المكونة للوعاء 352 صفحة.
650 17 - مدخل إضافي بالموضوع - مصطلح موضوعي
مصطلح موضوعي أو اسم جغرافي كعنصر مدخل لغات البرمجه.
650 17 - مدخل إضافي بالموضوع - مصطلح موضوعي
مصطلح موضوعي أو اسم جغرافي كعنصر مدخل الحواسيب.
700 1# - مدخل إضافي - اسم شخصي
الاسم الشخصي هاشم، سكينة
علاقة الشخص بالعمل/ دوره مؤلف.
700 1# - مدخل إضافي - اسم شخصي
الاسم الشخصي محمد، محمد علاء
علاقة الشخص بالعمل/ دوره مؤلف.
942 ## - بيانات إضافية (كوها)
نوع التنصيف Dewey Decimal Classification
نوع المادة (كوها) كتب
المقتنيات
حالة السحب حالة الفقدان مصدر التصنيف حالة التلف غير قابل للإعارة المكتبة الرئيسية المكتبة الحالية موقع الرف تاريخ التزويد الرقم المتسلسل Total Checkouts رقم الإستدعاء الباركود تاريخ آخر ظهور تاريخ الفاتورة نوع المادة (كوها)
    Dewey Decimal Classification     المكتبة المركزية المكتبة المركزية الإعارة 28/07/2025 1217477   005.133 / ح م ا PLD00038993 28/07/2025 28/07/2025 كتب
    Dewey Decimal Classification     المكتبة المركزية المكتبة المركزية مقتنيات قسم التزويد 28/07/2025 1217479   005.133/حما   28/07/2025 28/07/2025 كتب
    Dewey Decimal Classification     المكتبة المركزية المكتبة المركزية مقتنيات قسم التزويد 28/07/2025 1217480   005.133/حما   28/07/2025 28/07/2025 كتب
    Dewey Decimal Classification     المكتبة المركزية المكتبة المركزية مقتنيات قسم التزويد 28/07/2025 1217481   005.133/حما   28/07/2025 28/07/2025 كتب
    Dewey Decimal Classification     المكتبة المركزية المكتبة المركزية الإعارة 08/09/2008 1217501   005.133 / ح م ا PLD00039712 28/07/2025 08/09/2008 كتب
    Dewey Decimal Classification     مكتبة أبو علندا العامة مكتبة أبو علندا العامة الإعارة 08/09/2008 1217492   005.133/حما PLD00039703 28/07/2025 08/09/2008 كتب
    Dewey Decimal Classification     مكتبة أم قصير والمقابلين العامة مكتبة أم قصير والمقابلين العامة الإعارة 08/09/2008 1217491   005.133/حما PLD00039702 28/07/2025 08/09/2008 كتب
    Dewey Decimal Classification     مكتبة الأميرة ايمان العامة مكتبة الأميرة ايمان العامة الإعارة 08/09/2008 1217483   005.133/حما PLD00039694 28/07/2025 08/09/2008 كتب
    Dewey Decimal Classification     مكتبة الاميرة بديعة مكتبة الاميرة بديعة الإعارة 08/09/2008 1217486   005.133/حما PLD00039697 28/07/2025 08/09/2008 كتب
    Dewey Decimal Classification     مكتبة البراعم الواعدة مكتبة البراعم الواعدة الإعارة 11/11/2015 `1474376   005.133/حما PLD00363854 28/07/2025 11/11/2015 كتب
    Dewey Decimal Classification     مكتبة الجويدة مكتبة الجويدة الإعارة 08/09/2008 1217487   005.133/حما PLD00039698 28/07/2025 08/09/2008 كتب
    Dewey Decimal Classification     مكتبة الحسن العامة مكتبة الحسن العامة الإعارة 08/09/2008 1217489   005.133/حما PLD00039700 28/07/2025 08/09/2008 كتب
    Dewey Decimal Classification     مكتبة النصر العامة مكتبة النصر العامة الإعارة 08/09/2008 1217494   005.133/حما PLD00039705 28/07/2025 08/09/2008 كتب
    Dewey Decimal Classification     مكتبة حمزة العامة مكتبة حمزة العامة الإعارة 08/09/2008 1217488   005.133/حما PLD00039699 28/07/2025 08/09/2008 كتب
    Dewey Decimal Classification     مكتبة صويلح العامة مكتبة صويلح العامة الإعارة 08/09/2008 1217484   005.133/حما PLD00039695 28/07/2025 08/09/2008 كتب
Implemented & Customized by: BBB with SCIT (Smart Chains for Information Technology)

Powered by Koha